000 00862nas a2200289 4500
001 BR2013003434
003 BR-BrBNA
005 20231205122250.0
007 ta
008 230509b bl.|||p| |||| 00| 00por d
040 _aBR-BrBNA
_bpor
_cBiblioteca Nacional de Agricultura
041 _a(En)
072 _aL73
100 1 _aMendonça, F.S.
100 1 _aAlbuquerque, R.F.
100 1 _aEvêncio-Neto, J.
100 1 _aDoria, R.G.S.
100 1 _aCamargo, L.M. de
100 1 _aFreitas, S.H. de
245 1 _aConidiobolomycosis in sheep in the state of Pernambuco
650 _aOVINO
650 _aEPIDEMIOLOGIA
650 _aPERNAMBUCO
773 0 _tRevista Brasileira de Medicina Veterinária (Brazil)
_xISSN 0100-2430
_g(Jul-Sep 2012), v. 34(3) p. 241-246
_wBR2013003434
909 _a202311
_bLúcia
_c55
_dLúcia Elande
942 _2AGRIS
_n0
_cANA
999 _c227776
_d227776